[Event "Frau Bundesliga Div1 2012-13"]
[Site "Germany GER"]
[Date "2013.01.19"]
[Round "6.3"]
[White "Schleining,Z"]
[Black "Kachiani-Gersinska,K"]
[Result "1/2-1/2"]
[WhiteElo "2340"]
[BlackElo "2366"]

1.d4 Nf6 2.c4 g6 3.Nc3 d5 4.cxd5 Nxd5 5.e4 Nxc3 6.bxc3 Bg7 7.Nf3 c5 8.Be3 Qa5
9.Bd2 O-O 10.Be2 cxd4 11.cxd4 Qd8 12.Rc1 Bg4 13.d5 e6 14.Bc4 Nd7 15.dxe6 fxe6
16.Be3 Bxf3 17.Bxe6+ Kh8 18.gxf3 Ne5 19.Qxd8 Nxf3+ 20.Ke2 Raxd8 21.Bd5 Nd4+
22.Kf1 b6 23.Kg2 Ne2 24.Rc7 Nf4+ 25.Bxf4 Rxf4 26.Rxa7 Rdf8 27.Rf1 Rg4+ 28.Kh3 Rgf4
29.Ra8 Rxa8 30.Bxa8 Be5 31.Bd5 g5 32.Kg2 Bd4 33.h3 h5 34.f3 Kg7 35.Rd1 Be5
36.Be6 Rf8 37.Rd7+ Kf6 38.Bb3 h4 39.Kf2 Rc8 40.Ke2 Rc7 41.Rd5 Rc1 42.Rd7 Rc7
43.Rd5 Rc1 44.Rb5 Rc6 45.Bd5 Rd6 46.Kd3 Ke7 47.Kc4 Kf6 48.Rb3 Bg3 49.Ra3 Ke5
50.Ra7 Rf6 51.Re7+ Kd6 52.Rg7 Rxf3 53.Rg6+ Kc7 54.Rc6+ Kd8 55.Rxb6 Bc7 56.Rb3 Rxb3
57.Kxb3 g4 58.hxg4 h3 59.e5 Bxe5 60.Kc4 Ke7 61.a4 Kf6 62.a5 Bb8  1/2-1/2

[Event "TCh-AUT 2012-13"]
[Site "Graz AUT"]
[Date "2013.01.19"]
[Round "6.1"]
[White "Bosiocic,Mari"]
[Black "Volokitin,And"]
[Result "0-1"]
[WhiteElo "2571"]
[BlackElo "2722"]

1.d4 Nf6 2.c4 g6 3.Nc3 d5 4.cxd5 Nxd5 5.e4 Nxc3 6.bxc3 Bg7 7.Nf3 c5 8.Be3 Qa5
9.Qd2 Nc6 10.Rb1 cxd4 11.cxd4 O-O 12.Qxa5 Nxa5 13.Be2 b6 14.Bd2 Rd8 15.d5 e6
16.Bxa5 bxa5 17.Bc4 exd5 18.Bxd5 Ba6 19.Bxa8 Bc3+ 20.Nd2 Bxd2+ 21.Kd1 Bg5+
22.Bd5 Bd3  0-1

[Event "Dvorkovich Mem 2013"]
[Site "Taganrog RUS"]
[Date "2013.01.19"]
[Round "5.12"]
[White "Tunik,G"]
[Black "Vastrukhin,O"]
[Result "1-0"]
[WhiteElo "2437"]
[BlackElo "2340"]

1.d4 Nf6 2.c4 g6 3.Nc3 d5 4.cxd5 Nxd5 5.e4 Nxc3 6.bxc3 Bg7 7.Nf3 O-O 8.Be3 c5
9.Rc1 cxd4 10.cxd4 Bg4 11.Be2 Nc6 12.d5 Ne5 13.Nxe5 Bxe2 14.Nxf7 Qa5+ 15.Qd2 Qxd2+
16.Kxd2 Bg4 17.Ng5 Be5 18.h3 Bd7 19.Nf3 Bd6 20.Nd4 a5 21.Ke2 b5 22.Nc6 b4
23.Bc5 Bxc6 24.dxc6 Kf7 25.Rhd1 Bxc5 26.Rxc5 Rfc8 27.Rd4 Rab8 28.Rxa5 Rxc6
29.Rd3 Rc2+ 30.Ke3 Rb7 31.g3 Rb2 32.f3 Rc7 33.Kf4 Rf2 34.a3 bxa3 35.Rdxa3 Rc6
36.g4 Rh2 37.Kg3 Rhc2 38.h4 Rc1 39.h5 Rg1+ 40.Kf2 Rh1 41.Kg2 Rhc1 42.h6 R6c2+
43.Kg3 Rh1 44.g5 Rg1+ 45.Kf4 Rh2 46.Re5  1-0

[Event "TCh-AUT 2012-13"]
[Site "Graz AUT"]
[Date "2013.01.20"]
[Round "7.1"]
[White "Baramidze,D"]
[Black "Erdos,V"]
[Result "1-0"]
[WhiteElo "2615"]
[BlackElo "2640"]

1.d4 Nf6 2.c4 g6 3.Nc3 d5 4.cxd5 Nxd5 5.e4 Nxc3 6.bxc3 Bg7 7.Nf3 c5 8.Be3 O-O
9.Qd2 Qa5 10.Rb1 b6 11.Rc1 e6 12.d5 exd5 13.exd5 Re8 14.c4 Qa3 15.Bd3 Na6
16.O-O Nb4 17.Bb1 Bd7 18.Bh6 Qb2 19.Qf4 Qf6 20.Rfe1 Bf5 21.Bg5 Qb2 22.Bxf5 gxf5
23.Qxf5 h6 24.Bh4 Rxe1+ 25.Rxe1 Nc2 26.Rd1 Nd4 27.Nxd4 cxd4 28.d6 Qe2 29.Rf1 Qxc4
30.d7 d3 31.Qf3 Rb8 32.Qg3 d2 33.Qxb8+ Kh7 34.d8=Q  1-0

[Event "TCh-SVK Extraliga 2012-13"]
[Site "Slovakia SVK"]
[Date "2013.01.20"]
[Round "6.1"]
[White "Stocek,J"]
[Black "Plat,V"]
[Result "1-0"]
[WhiteElo "2557"]
[BlackElo "2470"]

1.d4 Nf6 2.c4 g6 3.Nc3 d5 4.cxd5 Nxd5 5.e4 Nxc3 6.bxc3 Bg7 7.Bg5 c5 8.Rc1 O-O
9.d5 Qd6 10.Nf3 e6 11.Bc4 exd5 12.Bxd5 Qc7 13.O-O Nc6 14.h3 Kh8 15.Qd2 f6
16.Bf4 Qd7 17.Rfd1 g5 18.Bg3 Ne7 19.Bb3 Qxd2 20.Rxd2 g4 21.Bd6 gxf3 22.Bxe7 Re8
23.gxf3 b6 24.Bd5 Rb8 25.Bd6 Bxh3 26.Bxb8 Bh6 27.f4 Rxb8 28.Rd3 Bxf4 29.Rcd1 Bg4
30.f3 Bh3 31.Kf2 Re8 32.Bf7 Re7 33.Rg1 Bg5 34.Rd8+ Kg7 35.Bd5  1-0

[Event "TCh-LTU 2013"]
[Site "Vilnius LTU"]
[Date "2013.01.20"]
[Round "2.2"]
[White "Genutis,M"]
[Black "Rimeikis,A"]
[Result "1-0"]
[WhiteElo "2316"]
[BlackElo "2104"]

1.d4 Nf6 2.c4 g6 3.Nc3 d5 4.cxd5 Nxd5 5.e4 Nxc3 6.bxc3 Bg7 7.Nf3 c5 8.Rb1 O-O
9.Be2 Nc6 10.d5 Ne5 11.Nxe5 Bxe5 12.Qd2 Bg7 13.c4 e5 14.O-O Qd6 15.a4 b6
16.a5 Bd7 17.Bb2 Rae8 18.Bc3 f5 19.axb6 axb6 20.Qb2 Rb8 21.exf5 Bxf5 22.Ra1 g5
23.Ra7 Rf7 24.Rfa1 Rbb7 25.Ra8+ Rf8 26.Rxf8+ Kxf8 27.Ra8+ Ke7 28.Bh5 Bd7
29.Qc2 Qh6 30.Bf3 Kd6 31.Ra6 Rb8 32.Qb2 Kc7 33.Bxe5+ Bxe5 34.Qxe5+ Qd6 35.Ra7+  1-0

[Event "Asian Zone 3.3"]
[Site "Tagaytay City PHI"]
[Date "2013.01.23"]
[Round "2.18"]
[White "Olay,E"]
[Black "Gotel,Michael"]
[Result "1/2-1/2"]
[WhiteElo "2353"]
[BlackElo "2161"]

1.d4 Nf6 2.c4 g6 3.Nc3 d5 4.cxd5 Nxd5 5.e4 Nxc3 6.bxc3 Bg7 7.Nf3 c5 8.Rb1 O-O
9.Be2 b6 10.O-O Bb7 11.Qd3 Ba6 12.Qe3 Bxe2 13.Qxe2 Qd7 14.Rd1 Qa4 15.Bg5 Re8
16.h4 Nc6 17.dxc5 h6 18.Bf4 bxc5 19.Rd5 Rec8 20.Rxc5 Nd8 21.Rb4 Qa3 22.Rcb5  1/2-1/2

[Event "Asian Zone 3.3 w"]
[Site "Tagaytay City PHI"]
[Date "2013.01.24"]
[Round "3.3"]
[White "Hoang Thi Nhu Y"]
[Black "Tuvshintugs,B"]
[Result "1-0"]
[WhiteElo "2245"]
[BlackElo "2323"]

1.c4 Nf6 2.Nc3 d5 3.cxd5 Nxd5 4.d4 g6 5.e4 Nxc3 6.bxc3 Bg7 7.Nf3 c5 8.Bb5+ Nd7
9.O-O O-O 10.Bg5 Nf6 11.Re1 Bg4 12.Bf1 Qa5 13.Qd2 h6 14.Bf4 Rad8 15.Rad1 Nh5
16.Be3 Kh7 17.Qb2 Qc7 18.Be2 Nf6 19.h3 Bc8 20.Qb1 Qa5 21.Bd2 Qc7 22.Be3 Nd7
23.e5 Nb6 24.dxc5 Nd5 25.Bd4 Nf4 26.Bf1 Bf5 27.Qb2 Bd7 28.Qb4 Bc6 29.Nd2 Bd5
30.Nc4 Ne6 31.Qa5 Qb8 32.a4 Bc6 33.Qb4 Qc7 34.Na5 Bd5 35.Bc4 Bxc4 36.Nxc4 Rc8
37.Na5 Rb8 38.Nb3 Rfc8 39.Qb5 Rd8 40.Qa5 Qxa5 41.Nxa5 Rdc8 42.Nb3 Kg8 43.a5 Rc6
44.f3 Rd8 45.g3 g5 46.Kf2 Rd7 47.Rb1 Kf8 48.Re4 Ke8 49.f4 Nd8 50.Be3 gxf4
51.gxf4 Rd3 52.Rc1 Ne6 53.h4 f5 54.Rb4 Rc7 55.Nd4 Nxd4 56.Rxd4 Rxd4 57.cxd4 e6
58.h5 Kd7 59.a6 bxa6 60.Ra1 Rc6 61.Ke2 Bf8 62.Kd3 Be7 63.Kc4 Bd8 64.Bd2 Ke8
65.Rg1 a5 66.Rg6  1-0

[Event "13th ch-CRO 2013"]
[Site "Plitvicka Jezera CRO"]
[Date "2013.01.25"]
[Round "5.2"]
[White "Kozul,Z"]
[Black "Brkic,A"]
[Result "1-0"]
[WhiteElo "2637"]
[BlackElo "2581"]

1.d4 Nf6 2.c4 g6 3.Nc3 d5 4.cxd5 Nxd5 5.e4 Nxc3 6.bxc3 Bg7 7.Be3 c5 8.Qd2 Qa5
9.Rb1 cxd4 10.cxd4 Qxd2+ 11.Kxd2 O-O 12.Nf3 Rd8 13.Bd3 e6 14.h4 Nc6 15.e5 h6
16.Rhc1 Bf8 17.Be4 Nb4 18.Nh2 Nxa2 19.Rc7 Nb4 20.Ng4 Nd5 21.Bxd5 exd5 22.Nf6+ Kg7
23.g4 Be6 24.f4 Bd6 25.Rcxb7 Rab8 26.f5 Rxb7 27.Rxb7 Bc8 28.Rxa7 Bb4+ 29.Ke2 gxf5
30.g5 f4 31.gxh6+ Kxh6 32.Bxf4+ Kg6 33.h5+ Kf5 34.Bd2 Bxd2 35.Kxd2 Be6 36.h6 Kg6
37.h7 Kg7 38.Ke3 Bf5 39.Kf4 Bg6 40.Kg5  1-0

[Event "Asian Zone 3.3 w"]
[Site "Tagaytay City PHI"]
[Date "2013.01.25"]
[Round "5.6"]
[White "Jose,Ru"]
[Black "Tuvshintugs,B"]
[Result "1/2-1/2"]
[WhiteElo "2026"]
[BlackElo "2323"]

1.d4 Nf6 2.c4 g6 3.Nc3 d5 4.cxd5 Nxd5 5.e4 Nxc3 6.bxc3 Bg7 7.Bc4 O-O 8.Ne2 Qd7
9.Qd3 b6 10.O-O Bb7 11.Be3 Nc6 12.a3 Na5 13.Ba2 c5 14.Rad1 Qa4 15.Bc1 e6
16.f4 c4 17.Qb1 f5 18.Qb4 Qc2 19.Bxc4 Qxe4 20.Rf2 Nxc4 21.Qxc4 Rac8 22.Qb3 Rfd8
23.a4 Bd5 24.Qb2 Bc4 25.Re1 Qc6 26.Qa1 a5 27.Bb2 Bf6 28.Ng3 Re8 29.Qd1 Qd5
30.Nf1 Bb3 31.Ne3 Bxd1 32.Nxd5 exd5 33.Rxd1 Re4 34.Ra1 Re3 35.Kf1 Kf7 36.Rd2 Re4
37.g3 Ke6 38.Kf2 Be7 39.Kf3 Bd6 40.h4 Be7 41.Ra2 Kf7 42.Ra1 Kg7 43.Kf2 Kh6
44.Kf3 Kh5  1/2-1/2

[Event "11th Gibraltar Masters"]
[Site "Caleta ENG"]
[Date "2013.01.28"]
[Round "7.47"]
[White "Fenollar Jorda,M"]
[Black "Semprun Martinez,F"]
[Result "1-0"]
[WhiteElo "2325"]
[BlackElo "2201"]

1.d4 Nf6 2.c4 g6 3.Nc3 d5 4.cxd5 Nxd5 5.e4 Nxc3 6.bxc3 Bg7 7.Be3 c5 8.Rc1 Qa5
9.Qd2 cxd4 10.cxd4 Qxd2+ 11.Bxd2 O-O 12.Nf3 Nc6 13.d5 Nd4 14.Nxd4 Bxd4 15.Bb4 f5
16.Bxe7 Rf7 17.d6 Be6 18.Bc4 Bxc4 19.Rxc4 Bf6 20.Bxf6 Rxf6 21.Rd4 fxe4 22.Ke2 Rd8
23.Rhd1 Rd7 24.Ke3 Kf7 25.R1d2 Re6 26.h4 Re5 27.Rc4 b6 28.g4 Ke6 29.Rcd4 b5
30.Rd1 a5 31.Rxe4 Rxd6 32.Rxe5+ Kxe5 33.Rxd6 Kxd6 34.Kd4 h6 35.f4 Kc6 36.f5 gxf5
37.g5  1-0

[Event "6th Gora Sw Anny OpA"]
[Site "Gora Swietej Anny POL"]
[Date "2013.01.29"]
[Round "5.4"]
[White "Dobrowolski,P"]
[Black "Licznerski,L"]
[Result "1/2-1/2"]
[WhiteElo "2417"]
[BlackElo "2321"]

1.d4 Nf6 2.c4 g6 3.Nc3 d5 4.cxd5 Nxd5 5.e4 Nxc3 6.bxc3 Bg7 7.Nf3 c5 8.Rb1 O-O
9.Be2 b6 10.O-O Qc7 11.Be3 Bb7 12.Qd3 Ba6 13.Qd2 Bxe2 14.Qxe2 Nd7 15.e5 Qc6
16.h4 Rfc8 17.Rfc1 cxd4 18.cxd4 Qd5 19.Qa6 Rxc1+ 20.Rxc1 f6 21.exf6 Bxf6
22.Rc7 e5 23.Qa4 b5 24.Qb3 Qxb3 25.axb3 exd4 26.Bxd4 Bxd4 27.Nxd4 Ne5 28.Nxb5 Rb8
29.Nd4 Rd8 30.Ne6 Re8 31.Ng5 Ng4 32.g3 h6 33.Nh3 Re1+ 34.Kg2 Rb1 35.Kf3 Nh2+
36.Ke4 Rxb3 37.Rxa7 Ng4 38.Ra2 Kf7 39.Nf4 Rb4+ 40.Kd5 g5 41.hxg5 hxg5 42.Nd3 Nf6+
43.Ke5 Rb5+ 44.Kd4 Rd5+ 45.Kc4 Rf5 46.Ra7+ Kg6 47.Ra6 Kh5 48.Kd4 Ng4 49.Ke4 Rf8
50.Ra2 Nh2 51.f4 Nf1 52.Ra5 Nxg3+ 53.Kf3 Rf5 54.Ra8 Nf1 55.Ra1 Nd2+ 56.Ke2 Nc4
57.Rh1+ Kg6 58.Rg1 Kf6  1/2-1/2

[Event "18th HIT Open A 2013"]
[Site "Nova Gorica SLO"]
[Date "2013.01.29"]
[Round "7.6"]
[White "Pregarac,V"]
[Black "Jelen,Ig"]
[Result "1-0"]
[WhiteElo "2180"]
[BlackElo "2375"]

1.d4 Nf6 2.c4 g6 3.Nc3 d5 4.cxd5 Nxd5 5.e4 Nxc3 6.bxc3 Bg7 7.Nf3 c5 8.Be3 Qa5
9.Qd2 O-O 10.Rc1 cxd4 11.cxd4 Qxd2+ 12.Nxd2 f5 13.f3 fxe4 14.Bc4+ Kh8 15.fxe4 Nc6
16.Nb3 e5 17.d5 Nd4 18.Bd3 a5 19.Rf1 Rxf1+ 20.Kxf1 Nxb3 21.axb3 Bf8 22.Bb5 Ba3
23.Rc7 Bd6 24.Rc4 Bg4 25.Ke1 Bb4+ 26.Bd2 Kg7 27.h3 Bc8 28.Bxb4 axb4 29.Ba4 b5
30.Bxb5 Rb8 31.Rc7+ Kf6 32.Ba4 Kg5 33.Rf7 h5 34.Rf8  1-0

[Event "11th Gibraltar Masters"]
[Site "Caleta ENG"]
[Date "2013.01.31"]
[Round "10.53"]
[White "Ortega Ruiz,J"]
[Black "Allor,C"]
[Result "1-0"]
[WhiteElo "2349"]
[BlackElo "2154"]

1.d4 Nf6 2.c4 g6 3.Nc3 d5 4.cxd5 Nxd5 5.e4 Nxc3 6.bxc3 Bg7 7.Bc4 c5 8.Ne2 O-O
9.O-O Nc6 10.Be3 Na5 11.Bd3 b6 12.dxc5 Be6 13.cxb6 axb6 14.Bd4 Bc4 15.Bxc4 Nxc4
16.Bxg7 Kxg7 17.Nd4 e5 18.Nb5 Ra5 19.Qe2 Rxb5 20.Qxc4 Rc5 21.Qb3 Qc7 22.Rab1 Rxc3
23.Qxb6 Qxb6 24.Rxb6 Rc2 25.Ra6 Re2 26.Ra4 Rd8 27.g3 Rdd2 28.a3 f5 29.exf5 gxf5
30.Ra6 e4 31.Rc1 Rd7 32.Rc3 Rf7 33.a4 Ra2 34.a5 Rf6 35.Rc7+ Kg6 36.Raa7 f4
37.gxf4 Kf5 38.Rf7 Rxf7 39.Rxf7+ Kg4 40.Kg2 e3 41.h3+ Kh5 42.Rxh7+ Kg6 43.Re7 exf2
44.Re5 Kf6 45.Rg5 Ra4 46.Rg4 Rxa5 47.Kxf2 Ra3 48.Rg3 Ra2+ 49.Kf3 Ra3+ 50.Kg4 Ra8
51.h4 Rg8+ 52.Kh3 Ra8 53.Kg4 Rg8+ 54.Kf3 Rh8 55.Rg4 Ra8 56.Rg3 Rh8 57.Rh3 Kf5
58.h5 Ra8 59.h6 Ra3+ 60.Kg2 Ra2+ 61.Kg3 Ra3+ 62.Kh4 Ra7 63.Rh1 Kxf4 64.Rf1+ Ke5
65.Kg5 Ke6 66.Kg6 Ra2 67.Re1+ Kd6 68.Rg1 Ra8 69.h7  1-0

[Event "TCh-CAT Div Hon 2013"]
[Site "Catalonia ESP"]
[Date "2013.02.02"]
[Round "3.7"]
[White "Garcia,Rau"]
[Black "Serra Pages,J"]
[Result "1/2-1/2"]
[WhiteElo "2200"]
[BlackElo "2213"]

1.d4 Nf6 2.c4 g6 3.Nc3 d5 4.cxd5 Nxd5 5.e4 Nxc3 6.bxc3 Bg7 7.Qa4+ c6 8.Nf3 O-O
9.Bg5 h6 10.Be3 c5 11.Rc1 Bd7 12.Qa3 cxd4 13.cxd4 Nc6 14.d5 Qa5+ 15.Qxa5 Nxa5
16.Be2 Rfc8 17.O-O b5 18.Bd4 Nc4 19.Bxg7 Kxg7 20.Bxc4 bxc4 21.Ne5 Bb5 22.Rc3 Rc5
23.f4 f5 24.exf5 gxf5 25.Rd1 Rd8 26.Kf2 Rcxd5 27.Rxd5 Rxd5 28.Ke3  1/2-1/2

[Event "1st Maksym Yusupov Mem"]
[Site "Lviv UKR"]
[Date "2013.02.02"]
[Round "3.4"]
[White "Soroka,Danylo"]
[Black "Buksa,N"]
[Result "1-0"]
[WhiteElo "2125"]
[BlackElo "2147"]

1.d4 Nf6 2.c4 g6 3.Nc3 d5 4.cxd5 Nxd5 5.e4 Nxc3 6.bxc3 Bg7 7.Be3 c5 8.Qd2 Qa5
9.Rc1 cxd4 10.cxd4 Qxd2+ 11.Kxd2 O-O 12.Bd3 f5 13.f3 Nc6 14.Ne2 Bd7 15.d5 Ne5
16.Rc7 b6 17.Nd4 Rfc8 18.Rhc1 Bf6 19.Ba6 Rxc7 20.Rxc7 b5 21.f4 Nc4+ 22.Ke2 Bxd4
23.Bxd4 Nb6 24.Bb7 Rd8 25.Bxb6 axb6 26.e5 Kf8 27.a3 Be8 28.Ke3 Bd7 29.e6 Be8
30.Kd4 h6 31.Ke5 Rb8 32.Bc8 Ra8 33.Bd7 Ra4 34.d6 exd6+ 35.Kf6 Ra8 36.e7+ Kg8
37.Bxe8 Rxe8 38.Rd7  1-0

[Event "ch-TUR 2013"]
[Site "Antalya TUR"]
[Date "2013.02.04"]
[Round "4.23"]
[White "Ozmen,Mustafa Lutfi Poyraz"]
[Black "Severcan,Sedat Sabri"]
[Result "1-0"]
[WhiteElo "1765"]
[BlackElo "1948"]

1.d4 Nf6 2.c4 g6 3.Nc3 d5 4.cxd5 Nxd5 5.e4 Nxc3 6.bxc3 Bg7 7.Bc4 O-O 8.Ne2 c5
9.O-O Qc7 10.d5 Nd7 11.Bf4 Be5 12.Qd2 Rb8 13.a4 Bxf4 14.Nxf4 Ne5 15.Be2 c4
16.g3 b6 17.Ng2 Bh3 18.f4 Qc5+ 19.Rf2 Bxg2 20.Kxg2 Nd7 21.h4 Nf6 22.Bf3 Rfd8
23.Rd1 b5 24.f5 bxa4 25.h5 a3 26.Qh6 Rb2 27.Rxb2 axb2 28.hxg6 fxg6 29.fxg6 Rb8
30.e5 b1=Q 31.Rxb1 Rxb1 32.exf6 Rg1+ 33.Kh3 Rxg3+ 34.Kxg3 Qg1+ 35.Bg2 Qe1+
36.Kg4 Qd1+ 37.Bf3 Qg1+ 38.Kf5 Qb1+ 39.Ke6 Qb6+ 40.Kxe7 Qc7+ 41.Ke6 Qc8+
42.Ke5 Qe8+ 43.Kd4  1-0

[Event "FSIM February 2013"]
[Site "Budapest HUN"]
[Date "2013.02.06"]
[Round "5.1"]
[White "Koczo,K"]
[Black "Farkas,Laj1"]
[Result "0-1"]
[WhiteElo "2236"]
[BlackElo "2228"]

1.d4 Nf6 2.c4 g6 3.Nc3 d5 4.cxd5 Nxd5 5.e4 Nxc3 6.bxc3 Bg7 7.Be3 c5 8.Rc1 Qa5
9.Qd2 cxd4 10.cxd4 Qxd2+ 11.Bxd2 O-O 12.Bc3 Rd8 13.d5 e6 14.Bc4 exd5 15.Bxd5 Nc6
16.Nf3 Bxc3+ 17.Rxc3 Nb4 18.Bc4 b5 19.a3 bxc4 20.axb4 Rb8 21.O-O Rxb4 22.Ne5 Bb7
23.f3 Rc8 24.Rfc1 Ba6 25.Ra3 Rb6 26.Kf2 Re6 27.Ng4 Rc7 28.Ne3 Bb5 29.Nd5 Rd7
30.Nc3 a6 31.Ra2 Red6 32.Rcc2 f5 33.e5 Rd3 34.f4 Rc7 35.Ra3 Rcd7 36.Raa2 Rc7
37.Ra3 Rd8 38.Raa2 Kf7 39.Rab2 Rc5 40.Rd2 Rd3 41.Rdc2 g5 42.g3 gxf4 43.gxf4 Bc6
44.Ne2 Bb5 45.Nc3 Ke6 46.Ra2 Rc7 47.Ra5 Rb7 48.Ra1 Rg7 49.Rg1 Rxg1 50.Kxg1 Rf3
51.Ne2 Kd5 52.Kg2 Rd3 53.Nc3+ Kc5 54.Kf2 Kb4 55.Na2+ Kb3 56.Re2 Rd1 57.e6 Ra1
58.Kg3 Rxa2 59.Re5 Be8 60.Rxf5 Re2  0-1

[Event "Asian Zonal 3.2 2013"]
[Site "Thulhiriya City PHI"]
[Date "2013.02.07"]
[Round "7.17"]
[White "Doluweera,Minul Sanjula"]
[Black "Fuad,Ahamed"]
[Result "0-1"]
[WhiteElo "1774"]
[BlackElo "1855"]

1.c4 Nf6 2.d4 g6 3.Nc3 d5 4.cxd5 Nxd5 5.e4 Nxc3 6.bxc3 Bg7 7.Be3 O-O 8.Bc4 c5
9.Ne2 cxd4 10.cxd4 Nc6 11.O-O Qa5 12.Qb3 Qb4 13.Qc2 e6 14.Rab1 Qd6 15.Qd2 a6
16.Bb3 b5 17.Rbc1 Bb7 18.d5 exd5 19.Bc5 Qe5 20.Bxf8 Rxf8 21.Bxd5 Nd8 22.Rfd1 Qh5
23.Ng3 Qh4 24.Qa5 Bxd5 25.Rxd5 Ne6 26.Qxa6 Qf4 27.Qc6 h5 28.Rdd1 Nd4 29.Qc3 h4
30.Qe3 hxg3 31.Qxf4 Ne2+ 32.Kf1 Nxf4 33.hxg3 Ne6 34.Rd5 b4 35.Ke2 Ra8 36.Rd2 Bc3
37.Rd3 Rxa2+ 38.Kf1 Nc5 39.Re3 Bd4 40.Re2 b3  0-1

[Event "ch-HUN U20 2013"]
[Site "Budapest HUN"]
[Date "2013.02.10"]
[Round "9.4"]
[White "Juhasz,Kr"]
[Black "Zsirai,P"]
[Result "1-0"]
[WhiteElo "2343"]
[BlackElo "2207"]

1.d4 Nf6 2.c4 g6 3.Nc3 d5 4.cxd5 Nxd5 5.e4 Nxc3 6.bxc3 Bg7 7.Be3 c5 8.Rc1 O-O
9.Qd2 Qa5 10.Nf3 Bg4 11.d5 Nd7 12.Ng5 Nb6 13.c4 Qxd2+ 14.Kxd2 h6 15.h3 Bd7
16.Nf3 Rac8 17.Bd3 e5 18.Ng1 f5 19.f3 Rc7 20.Ne2 Nc8 21.Nc3 Nd6 22.a4 f4
23.Bf2 Kh7 24.Nb5 Bxb5 25.cxb5 b6 26.Bc4 Ra8 27.Kd3 Bf6 28.Ra1 Rb8 29.a5 Kg7
30.Ra2 Rbb7 31.Rha1 Kh7 32.Be1 Kg7 33.axb6 axb6 34.Ra8 Kf7 35.R1a6 Kg7 36.Bc3 Kf7
37.Ba5 Nxc4 38.Kxc4 bxa5 39.d6 Rd7 40.Kxc5 Bd8 41.Kc6 Be7 42.dxe7 Rxe7 43.Kd6 Rbc7
44.b6 Rcd7+ 45.Kc6 Rd2 46.R8a7 Rxg2 47.Rxe7+ Kxe7 48.b7 Rc2+ 49.Kd5  1-0

[Event "TCh-CZE Div1 Vychod 2012-13"]
[Site "Czech Republic CZE"]
[Date "2013.02.10"]
[Round "7.4"]
[White "Seidl,S"]
[Black "Vanek,L"]
[Result "1/2-1/2"]
[WhiteElo "2185"]
[BlackElo "2181"]

1.d4 Nf6 2.c4 g6 3.Nc3 d5 4.cxd5 Nxd5 5.e4 Nxc3 6.bxc3 Bg7 7.Nf3 c5 8.Rb1 O-O
9.Be2 b6 10.O-O Bb7 11.Qc2 e6 12.dxc5 Qc7 13.cxb6 axb6 14.Be3 Nd7 15.Bd4 Nc5
16.Qb2 Na4 17.Qb4 Nxc3 18.Bxc3 Bxc3 19.Rfc1 Rfc8 20.Qxb6 Bxe4 21.Qxc7 Rxc7
22.Rb3 Rxa2 23.Rbxc3 Rxc3 24.Rxc3 Rxe2 25.h3 Kg7 26.Rc7 Bxf3 27.gxf3 h5 28.Kg2 Kf6
29.Rb7 Re5 30.Ra7 Rg5+ 31.Kf1 Rf5 32.Kg2 Kg5 33.Rb7 Kf4 34.Rb4+ Ke5 35.Rb3 Rf4
36.Ra3 Kf6 37.Ra7 e5 38.Ra6+ Kf5 39.Rb6 Rc4 40.Rb3 Rc1 41.Ra3 Rd1 42.Re3 Kf4
43.Rb3 Rd6 44.Rb4+ Rd4 45.Rb3 f5 46.Ra3 Rd2 47.Rb3 g5 48.Rb4+ Rd4 49.Rb3 h4
50.Ra3 Rd2 51.Ra4+ Rd4 52.Ra3 Rb4 53.Rc3 Ra4 54.Rb3 g4 55.fxg4 fxg4 56.hxg4 Kxg4
57.Re3 Kf5 58.Rb3 Rg4+ 59.Kh3 Rf4 60.Kg2 Kg4 61.Re3 e4 62.Rb3 Rf6 63.Ra3 Rd6
64.Re3 Kf4 65.Rh3 Rh6 66.Kh2 Rh5 67.Kg2 Rh7 68.Kh2 Rg7 69.Re3 Rd7 70.Ra3 Rd3
71.Ra8 Kf3 72.Rf8+ Ke2 73.Rf4 Rd4 74.Kh3 Rd3+ 75.Kxh4 Rf3 76.Rxe4+ Kxf2 77.Kg4 Rg3+
78.Kf4 Rf3+  1/2-1/2

[Event "Moscow Open F 2013"]
[Site "Moscow RUS"]
[Date "2013.02.10"]
[Round "9.5"]
[White "Krejci,Jan2"]
[Black "Eliseev,U"]
[Result "1/2-1/2"]
[WhiteElo "2529"]
[BlackElo "2525"]

1.c4 Nf6 2.d4 g6 3.Nc3 d5 4.cxd5 Nxd5 5.e4 Nxc3 6.bxc3 Bg7 7.Nf3 c5 8.Rb1 O-O
9.Be2 Nc6 10.d5 Ne5 11.Nxe5 Bxe5 12.Qd2 e6 13.f4 Bc7 14.O-O exd5 15.exd5 Ba5
16.d6 Rb8 17.Ba3 Bf5 18.Rbd1 Qf6 19.Bxc5 Bxc3 20.Bd4 Bxd4+ 21.Qxd4 Qxd4+
22.Rxd4 Rfc8 23.a4 Kf8 24.Re1 Be6 25.h4 h5 26.Bd3 Kg7 27.Re5 b6 28.Bb5 Kf6
29.Rd2 Rc3 30.Kf2 Rbc8 31.d7 Rd8 32.a5 bxa5 33.g3 a6 34.Ba4 Ra3 35.Rd4  1/2-1/2

[Event "Moscow Open A 2013"]
[Site "Moscow RUS"]
[Date "2013.02.10"]
[Round "9.4"]
[White "Ponkratov,P"]
[Black "Savchenko,B"]
[Result "0-1"]
[WhiteElo "2584"]
[BlackElo "2584"]

1.d4 Nf6 2.c4 g6 3.Nc3 d5 4.cxd5 Nxd5 5.e4 Nxc3 6.bxc3 Bg7 7.Qa4+ Qd7 8.Qb3 O-O
9.Nf3 c5 10.Be3 b6 11.Be2 cxd4 12.cxd4 Nc6 13.O-O Qd6 14.Rfd1 Na5 15.Qd3 Be6
16.Qb5 Rfc8 17.Qg5 Rc2 18.Bd3 Rxa2 19.Rac1 Nb3 20.e5 Qd7 21.Rb1 Bd5 22.Qh4 f6
23.Qg3 a5 24.h4 a4 25.h5 gxh5 26.Nh4 Qg4 27.Qh2 fxe5 28.Bf5 Qe2 29.dxe5 e6
30.Rxd5 exf5 31.Nxf5 Qc2 32.Ne7+ Kh8 33.Rbd1 Rf8 34.Qxh5 Rxf2 35.Rd8+ Bf8
36.R1d2 Nxd2 37.Bxf2 Qb1+ 38.Kh2 Nf1+ 39.Kh3 Rxf2 40.Qg5 Qb3+ 41.g3 Rh2+
42.Kg4 Qxg3+  0-1

[Event "FSGM February 2013"]
[Site "Budapest HUN"]
[Date "2013.02.11"]
[Round "9.5"]
[White "Saric,S"]
[Black "Gledura,B"]
[Result "1-0"]
[WhiteElo "2418"]
[BlackElo "2393"]

1.d4 Nf6 2.c4 g6 3.Nc3 d5 4.cxd5 Nxd5 5.e4 Nxc3 6.bxc3 Bg7 7.Nf3 c5 8.Bb5+ Nc6
9.O-O cxd4 10.cxd4 O-O 11.Be3 Bg4 12.Bxc6 bxc6 13.Rc1 Qa5 14.Qd2 Qxd2 15.Nxd2 Be6
16.Rxc6 Bxa2 17.Ra6 Be6 18.d5 Bd7 19.Rb1 f5 20.Rxa7 Rxa7 21.Bxa7 fxe4 22.Nxe4 Bf5
23.f3 Rd8 24.g4 Bc8 25.Bc5 Rxd5 26.Rb8 Rd8 27.Bxe7 Re8 28.Bf6 Rf8 29.Bxg7 Kxg7
30.Kg2 Be6 31.Rxf8 Kxf8 32.Kg3 Bb3 33.Kf4 h6 34.Ke5 Kg7 35.f4 Bd1 36.Nf2 Bf3
37.Ke6 h5 38.g5 Bb7 39.Ke7 Bc8 40.Ne4 Bf5 41.Nc5 h4 42.Ne6+ Kg8 43.Kf6 h3
44.Nd8 Be4 45.Nf7 Bc2 46.Nd6 Bb1 47.Nc8 Bc2 48.Ne7+ Kh7 49.f5 gxf5 50.g6+ Kh6
51.g7 Bb3 52.g8=Q Bxg8 53.Nxg8+ Kh7 54.Ne7 f4 55.Nf5 f3 56.Kg5  1-0

[Event "Aeroflot Open Rapid KO"]
[Site "Moscow RUS"]
[Date "2013.02.15"]
[Round "2.2"]
[White "Vorobiov,E"]
[Black "Le Quang Liem"]
[Result "0-1"]
[WhiteElo "2584"]
[BlackElo "2705"]

1.d4 Nf6 2.c4 g6 3.Nc3 d5 4.cxd5 Nxd5 5.e4 Nxc3 6.bxc3 Bg7 7.Qa4+ Nd7 8.Nf3 O-O
9.Bg5 c5 10.Rc1 h6 11.Be3 b6 12.Be2 Nf6 13.dxc5 Ng4 14.Bd2 bxc5 15.h3 Nf6
16.e5 Nd5 17.Qh4 e6 18.Qg3 Rb8 19.h4 h5 20.Qh3 Rb2 21.Rd1 Qa5 22.c4 Nc3 23.Rc1 Rxd2
24.Nxd2 Nxa2 25.Rd1 Bh6 26.g4 Nc3 27.g5 Nxd1 28.Bxd1 Bg7 29.f4 Rd8 30.Qe3 Qb4
31.Bc2 Ba6 32.Bd3 Bb7 33.Rg1 Qb6 34.Ke2 Qc6 35.Be4 Qa6 36.Bxb7 Qxb7 37.Ne4 Qb2+
38.Kf3 Bf8 39.Rg2 Qb1 40.Rd2 Rb8 41.Kg2 Qc1 42.Qe2 Rb1 43.Nf2 Qg1+ 44.Kf3 Qh2
45.Rd1 Rb3+ 46.Rd3 Rb4 47.Rd8 Qxh4 48.Qd2 Rxc4 49.Rxf8+ Kxf8 50.Qd8+ Kg7
51.Qf6+ Kg8 52.Qd8+ Kh7 53.Qf6 Rc3+ 54.Ke2 Rc2+ 55.Kd1 Rd2+ 56.Kxd2 Qxf2+
57.Kc1 Qe1+ 58.Kc2 Qe4+ 59.Kc3 Qf5  0-1

[Event "77th ch-BUL SF 2013"]
[Site "Plovdiv BUL"]
[Date "2013.02.15"]
[Round "6.12"]
[White "Ruschukov,Boyan"]
[Black "Andreev,Sa"]
[Result "1/2-1/2"]
[WhiteElo "1968"]
[BlackElo "2210"]

1.d4 Nf6 2.c4 g6 3.Nc3 d5 4.cxd5 Nxd5 5.e4 Nxc3 6.bxc3 Bg7 7.Bc4 c5 8.Ne2 Nc6
9.Be3 O-O 10.O-O Bd7 11.h3 Qc7 12.Rc1 Rad8 13.Qe1 Na5 14.Bd3 b6 15.f4 b5
16.Qf2 Nc4 17.Bxc4 bxc4 18.d5 Rc8 19.g4 Kh8 20.Rfd1 Ba4 21.Rd2 Rfd8 22.Ng3 e6
23.dxe6 Rxd2 24.Qxd2 fxe6 25.e5 Rd8 26.Qe2 Qc6 27.Qf2 Rb8 28.Bxc5 Rb5 29.Ba3 Rd5
30.Qxa7 h6 31.Ne4 Rd3 32.Re1 Rxh3 33.Qb8+ Kh7 34.Bf8 Bc2 35.Bxg7 Kxg7 36.Qa7+ Kh8
37.Qb8+ Kg7 38.Qa7+ Kh8 39.Qb8+  1/2-1/2

[Event "ch-CUB Men Final 2013"]
[Site "Santa Clara CUB"]
[Date "2013.02.15"]
[Round "9.3"]
[White "Otero Acosta,D"]
[Black "Bacallao Alonso,Y"]
[Result "1/2-1/2"]
[WhiteElo "2461"]
[BlackElo "2543"]

1.d4 Nf6 2.c4 g6 3.Nc3 d5 4.cxd5 Nxd5 5.e4 Nxc3 6.bxc3 Bg7 7.Be3 c5 8.Qd2 Qa5
9.Rc1 O-O 10.Nf3 Nc6 11.d5 Rd8 12.c4 Nb4  1/2-1/2

[Event "US Amateur Team East 2013"]
[Site "Parsippany USA"]
[Date "2013.02.16"]
[Round "1"]
[White "Walker,Andrew CW"]
[Black "Kaufman,La"]
[Result "0-1"]
[WhiteElo "2104"]
[BlackElo "2338"]

1.d4 Nf6 2.c4 g6 3.Nc3 d5 4.cxd5 Nxd5 5.e4 Nxc3 6.bxc3 Bg7 7.Bc4 c5 8.Ne2 Nc6
9.Be3 O-O 10.O-O b6 11.dxc5 Qc7 12.cxb6 axb6 13.f3 Ne5 14.Bb5 Nc4 15.Bxc4 Qxc4
16.Bxb6 Rxa2 17.Rxa2 Qxa2 18.Nd4 Qc4 19.Qd2 Ba6 20.Rb1 Rb8 21.Qb2 e5 22.Nc2 Bh6
23.Qb3 Qc6  0-1

[Event "ch-ROU 2013"]
[Site "Baile Olanesti ROU"]
[Date "2013.02.17"]
[Round "2.5"]
[White "Florescu,C"]
[Black "Miron,L"]
[Result "0-1"]
[WhiteElo "2212"]
[BlackElo "2526"]

1.d4 Nf6 2.c4 g6 3.Nc3 d5 4.cxd5 Nxd5 5.e4 Nxc3 6.bxc3 Bg7 7.Bc4 c5 8.Ne2 Nc6
9.Be3 O-O 10.O-O Bg4 11.f3 Bd7 12.d5 Ne5 13.Bb3 Qa5 14.c4 b5 15.Rc1 bxc4
16.Bxc4 Nxc4 17.Rxc4 Rfc8 18.Qc1 Qxa2 19.Rc2 Qa6 20.Ng3 c4 21.Bh6 Bh8 22.Bg5 Ba4
23.Ra2 Qb6+ 24.Kh1 Bb3 25.Re2 Qc5 26.f4 f6 27.f5 c3 28.fxg6 hxg6 29.Bxf6 exf6
30.Qh6 Qf8 31.Qxg6+ Qg7 32.Qf5 c2 33.Qf4 Qg5 34.Qf3 c1=Q 35.Qxb3 Qc3 36.Qb7 Qc7
37.Qa6 Qb6 38.Qd3 Rc1 39.d6 Rxf1+ 40.Nxf1 Qgc5 41.Ne3 Qbxd6  0-1